LEADER 01217nam a2200265 i 4500 001 000000245877 003 CaOOAMICUS 005 20151019000000.0 008 151019s2003 it u000 u ita u 013 $a224782 040 $aSeMil$bita 100 1 $aBello, Antonio,$c.$0(OLS)http://semarc/name/4578 245 10$aSud a caro prezzo /$cAntonio Bello ; introduzione di Guglielmo Minervini ; postfazione di Franco Cassano. 260 $aMolfetta :$bLa Meridiana,$c2003. 300 $a87 p. ;$c19 cm. 490 0 $aPaginealtre : lungo i sentieri della differenza 650 4$aBello, Antonio - Scritti, discorsi, omelie, lettere pastorali, etc.$0(OLS)http://semarc/subject/1652 700 1 $aCassano, Franco,$d<1943-2021>.$0(OLS)http://semarc/name/82610 700 1 $aMinervini, Guglielmo.$0(OLS)http://semarc/name/35002 830 0$aPaginealtre.$0(OLS)http://semarc/title/7770 850 $aSeMil 852 $aSeMil$W1$xVenegono$y1$m3F III 630$j196223$B196223$CSeMilBibl$Z2$F207411 $81 961 $aOmaggio: Altro 996 $6245$aSud a caro prezzo$9(OLS)http://semarc/title/347558 996 $6260$aMolfetta :$bLa Meridiana$9(OLS)http://semarc/publisher/31537 LEADER 01566nam a2200289 i 4500 001 000000067371 003 CaOOAMICUS 005 20220704104306.0 008 130606s1724 fr u000 u fre u 013 $a38543 026 $aesla uson a-us dequ (3) 1724 (R) 040 $aSeMil$bita 100 1 $aLamy, Bernard,$d<1640-1715>.$0(OLS)http://semarc/name/13966 245 10$aEntretiens sur les siences, dans lesquels on apprend comme l'on doit etudier les siences, & s'en servir pour se faire l'esprit juste, & le coeur droit par le R.P. Bernard Lamy .. 260 $aA Lyon :$bChez Jaques Certe, ruë Merciere, à la Trinité,$c1724. 300 $a[24], 438, [24], 16 p. ;$c12º. 500 $aLe 16 p. finali contengono: Catalogue des livres qui sont imprimes chez Jacques Certe, marchand libraire en ruë Merciere, à l'Enseigne de la Trinité, a Lyon 500 $aMarca (monogramma) sul front. - Fregi, iniz. xilogr. 500 $aSegn.: a12 A-V12 710 0 $aCerte, Jacques$c.$0(OLS)http://semarc/name/33733 850 $aSeMil 852 $aSeMil$W1$xVenegono$y1$m2O I 24 FA$j33524$B33524$CSeMilBibl$Z2$F33527 $8I 941 1 $a10 961 $aRecupero: Mantegazza 996 $6245$aEntretiens sur les siences, dans lesquels on apprend comme l'on doit etudier les siences, & s'en servir pour se faire l'esprit juste, & le coeur droit par le R.P. Bernard Lamy ..$9(OLS)http://semarc/title/107374 996 $6260$aA Lyon :$bChez Jaques Certe, ruë Merciere, à la Trinité$9(OLS)http://semarc/publisher/42725